书目信息 |
| 题名: |
绿瞳布兰多
|
|
| 作者: | 未紫 著 | |
| 分册: | ||
| 出版信息: | 天津 天津人民出版社 2007.01 |
|
| 页数: | 222页, [1] 叶图版 | |
| 开本: | 23cm | |
| 丛书名: | 奇幻之旅 | |
| 单 册: | ||
| 中图分类: | I247.5 | |
| 科图分类: | ||
| 主题词: | 长篇小说--chang pian xiao shuo--中国--当代 | |
| 电子资源: | ||
| ISBN: | 978-7-201-05381-3 | |
| 000 | 00850nam 2200253 450 | |
| 001 | 012008602763 | |
| 005 | 20080508094617.43 | |
| 010 | @a978-7-201-05381-3@dCNY25.00 | |
| 100 | @a20080508d2007 em y0chiy0120 ea | |
| 101 | 0 | @achi |
| 102 | @aCN@b120000 | |
| 105 | @aaf z 000ay | |
| 106 | @ar | |
| 200 | 1 | @a绿瞳布兰多@Alu tong bu lan duo@f未紫著@Fwei zi zhu |
| 210 | @a天津@c天津人民出版社@d2007.01 | |
| 215 | @a222页, [1] 叶图版@c图@d23cm | |
| 225 | 2 | @a奇幻之旅@Aqi huan zhi lu |
| 330 | @a本书是一本中国当代长篇小说,讲述了回到坎博隆城、坎宁国的危机、记忆宝石与回忆之海、地下密室、重返密斯岛、皇宫里的空楼、不速之客等内容。 | |
| 410 | 0 | @12001 @a奇幻之旅 |
| 606 | 0 | @a长篇小说@Achang pian xiao shuo@y中国@z当代 |
| 690 | @aI247.5@v4 | |
| 701 | 0 | @a未紫@Awei zi@4著 |
| 801 | 0 | @aCN@bQSSK@c20080508 |
| 905 | @b708141-43@dI247.5@eW567@f3 | |
| 绿瞳布兰多/未紫著.-天津:天津人民出版社,2007.01 |
| 222页, [1] 叶图版:图;23cm.-(奇幻之旅) |
| ISBN 978-7-201-05381-3:CNY25.00 |
| 本书是一本中国当代长篇小说,讲述了回到坎博隆城、坎宁国的危机、记忆宝石与回忆之海、地下密室、重返密斯岛、皇宫里的空楼、不速之客等内容。 |
| ● |
| 相关链接 |
|
|
|
正题名:绿瞳布兰多
索取号:I247.5/W567
 
预约/预借
| 序号 | 登录号 | 条形码 | 馆藏地/架位号 | 状态 | 备注 |
| 1 | 708141 | 207081414 | 文学库108/108文学库 37排3列2层/ [索取号:I247.5/W567] | 在馆 | |
| 2 | 708142 | 207081423 | 文学库108/108文学库 37排3列2层/ [索取号:I247.5/W567] | 在馆 | |
| 3 | 708143 | 207081432 | 文学库108/108文学库 37排3列2层/ [索取号:I247.5/W567] | 在馆 |